[Event "CZE-chT2b 0506"]
[Site "Czech Republic"]
[Date "2006.02.12"]
[Round "7"]
[White "Lacha, Josef"]
[Black "Svoboda, Otto"]
[Result "1-0"]
[WhiteElo "2090"]
[BlackElo "1855"]
[PlyCount "53"]
[EventDate "2005.10.16"]
[EventType "team"]
[EventRounds "11"]
[EventCountry "CZE"]
[SourceTitle "EXT 2009"]
[Source "ChessBase"]
[SourceDate "2008.11.26"]
[SourceVersion "1"]
[SourceVersionDate "2008.11.26"]
[SourceQuality "1"]

1. d4 d5 2. Nf3 f5 3. g3 Nf6 4. Bg2 e6 5. 0-0 Bd6 6. c4 c6 7. Qc2 0-0 8. b3 Nbd7 9. Ba3 Bxa3 10. Nxa3 Ne4 11. Rad1 Qa5 12. Nb1 b5 13. a3 bxc4 14. bxc4 Bb7 15. Rc1 Rac8 16. Rfd1 Ba6 17. c5 Rb8 18. e3 Rb7 19. Ne1 Rfb8 20. Nd3 Bxd3 21. Qxd3 Rb3 22. Qf1 Ndf6 23. f3 Nc3 24. Qe1 Rxb1 25. Rxb1 Rxb1 26. Rxb1 Qxa3 27. Ra1 1-0

[Event "CZE-chT2b 0506"]
[Site "Czech Republic"]
[Date "2005.11.20"]
[Round "3"]
[White "Svoboda, Otto"]
[Black "Rodl, Martin"]
[Result "0-1"]
[WhiteElo "1855"]
[BlackElo "2110"]
[PlyCount "48"]
[EventDate "2005.10.16"]
[EventType "team"]
[EventRounds "11"]
[EventCountry "CZE"]
[SourceTitle "EXT 2009"]
[Source "ChessBase"]
[SourceDate "2008.11.26"]
[SourceVersion "1"]
[SourceVersionDate "2008.11.26"]
[SourceQuality "1"]

1. e4 c5 2. Nc3 Nc6 3. g3 g6 4. Bg2 Bg7 5. Nf3 d6 6. 0-0 e6 7. d3 Nge7 8. Ne2 0-0 9. c3 d5 10. Be3 b6 11. exd5 Nxd5 12. d4 Nxe3 13. fxe3 Bb7 14. dxc5 bxc5 15. Qxd8 Raxd8 16. Rfd1 Ne7 17. Kf2 h5 18. Ne1 Bxg2 19. Nxg2 Nd5 20. Nef4 Nf6 21. Ke2 Rb8 22. Rab1 Rb7 23. Rd2 Ne4 24. Rdd1 Rfb8 0-1

[Event "Rail 4 countries 15th"]
[Site "Breukelen"]
[Date "1998.06.05"]
[Round "1.6"]
[White "Van Gils, Nico"]
[Black "Svoboda, Otto"]
[Result "1/2-1/2"]
[WhiteElo "1753"]
[BlackElo "1870"]
[PlyCount "38"]
[EventDate "1998.06.05"]
[EventType "team"]
[EventRounds "3"]
[EventCountry "NED"]
[SourceTitle "EXT 2005"]
[Source "ChessBase"]
[SourceDate "2004.11.15"]
[SourceVersion "1"]
[SourceVersionDate "2004.11.15"]
[SourceQuality "1"]

1. d4 f5 2. c4 e6 3. Nc3 d5 4. e3 Nf6 5. Nf3 c6 6. Be2 Bd6 7. 0-0 0-0 8. Ne5 Nbd7 9. f4 Ne4 10. Rf3 Ndf6 11. Rh3 Bd7 12. Bd2 Be8 13. Be1 Rc8 14. c5 Bb8 15. Na4 Qc7 16. Rc1 g6 17. b4 Qg7 18. Nb2 h5 19. Nbd3 a6 1/2-1/2